Deutsche Minecraft Youtuber/Streamer - Statistiken

Allgemein
  • Dieses Quiz wurde 1.188 mal gespielt
    1.064 seit der letzten Aktualisierung
  • Das Durchschnittsergebnis liegt bei 7 aus 11
Antwortstatistiken
Tipp 1 Tipp 2 Antwort % Korrekt
Tod im Nether Dilara Stegi
88%
Varo 1 Sieger Kürbiskopf Paluten
87%
Challenges ZickZack BastiGHG
84%
Luxemburg Troll LetsHugo
83%
Rot-Grün-Schwäche Redstone Castcrafter
69%
NOTY Chicken Nuggets Nooreax
66%
Varo Finalist Craft Attack Leiter SparkofPhoenix
62%
Varo 4 Sieger Speedruns Veni
62%
Schule Skywars Wichtiger
62%
Minecraft für Anfänger Umzug LarsLP
15%
Hai Skyblock EinfachGustaf
11%
Keine übereinstimmenden Quizze gefunden
Verteilung der Resultate
Anzahl Personen mit jedem Resultat
Perzentil nach korrekt beantworteten Fragen
Ihre Resultats-Entwicklung
Sie haben dieses Quiz seit der letzten Aktualisierung nicht gespielt